The way to eternal life in Gangte (Kumsawt hinna lampi) / (Record no. 6573)

MARC details
000 -LEADER
fixed length control field 00561nam a22001937a 4500
003 - CONTROL NUMBER IDENTIFIER
control field GBCCL
005 - DATE AND TIME OF LATEST TRANSACTION
control field 20241126110606.0
008 - FIXED-LENGTH DATA ELEMENTS--GENERAL INFORMATION
fixed length control field 180518b ||||| |||| 00| 0 eng d
040 ## - CATALOGING SOURCE
Transcribing agency gbc
082 ## - DEWEY DECIMAL CLASSIFICATION NUMBER
Classification number VER 234
Item number RHE
100 ## - MAIN ENTRY--PERSONAL NAME
Personal name Rhee, Yo Han
9 (RLIN) 11769
245 ## - TITLE STATEMENT
Title The way to eternal life in Gangte (Kumsawt hinna lampi) /
Statement of responsibility, etc. Translated by Thangkhosiem
250 ## - EDITION STATEMENT
Edition statement Reprinted
260 ## - PUBLICATION, DISTRIBUTION, ETC.
Place of publication, distribution, etc. Churachandpur:
Name of publisher, distributor, etc. Evangelical Synod Church,
Date of publication, distribution, etc. 2006
300 ## - PHYSICAL DESCRIPTION
Extent 217 p.;
Other physical details ill.,
Dimensions 21 cm.
440 ## - SERIES STATEMENT/ADDED ENTRY--TITLE
Title A Bible Study
9 (RLIN) 11770
650 ## - SUBJECT ADDED ENTRY--TOPICAL TERM
Topical term or geographic name entry element Salvation
9 (RLIN) 452
942 ## - ADDED ENTRY ELEMENTS (KOHA)
Source of classification or shelving scheme Dewey Decimal Classification
Koha item type Books
Holdings
Withdrawn status Lost status Source of classification or shelving scheme Damaged status Not for loan Home library Current Library Shelving location Date acquired Total checkouts Full call number Barcode Date last seen Copy number Price effective from Koha item type
    Dewey Decimal Classification     GRACE BIBLE COLLEGE GRACE BIBLE COLLEGE Vernacular 2018-05-18   VER 234 RHE 006961 2025-05-01 c.1 2018-05-18 Books
© Grace Bible College Library 2025